| 000 | 00899nam a22002537a 4500 | ||
|---|---|---|---|
| 005 | 20080625111548.0 | ||
| 008 | 080618t xxu||||| |||| 00| 0 eng d | ||
| 010 | _aENG-90414 | ||
| 020 |
_c695.00 _a8131304327 |
||
| 035 | _aEN-73947 | ||
| 037 | _bDBAD / PUB | ||
| 040 |
_aDPL _bEN |
||
| 082 | _a363.73 | ||
| 100 | _aJoshi, B.D. | ||
| 245 |
_aEnvironmental pollution & toxicology / _cby B.D. Joshi, P.C. Joshi [and] Namita Joshi |
||
| 260 |
_aNew Delhi _bAPH Publishing _c2008 |
||
| 260 |
_a _b |
||
| 270 |
_a4435-36/7, Ansri Road, Darya Ganj, _bNew Delhi _e110002 |
||
| 300 |
_aix, 225p. _c23 cm (Hb) |
||
| 700 | _aJoshi, P.C. | ||
| 700 | _aJoshi, Namita | ||
| 942 |
_cEN _h363.73 _2ddc _mJOS |
||
| 999 |
_c13982 _d13982 |
||